[Event "Lloyds Bank Masters 13th"]
[Site "London"]
[Date "1989.08.20"]
[Round "2"]
[White "Burgess, Graham"]
[Black "Eingorn, Vereslav S"]
[Result "1/2-1/2"]
[WhiteElo "2350"]
[BlackElo "2560"]
[PlyCount "60"]
[EventDate "1989.08.19"]
[EventType "swiss"]
[EventRounds "10"]
[EventCountry "ENG"]
[SourceTitle "BritBase"]
[Source "John Saunders"]
[SourceDate "2020.09.07"]
[SourceVersion "1"]
[SourceVersionDate "2020.09.07"]
[SourceQuality "2"]

1. d4 e6 2. c4 Bb4+ 3. Bd2 a5 4. Nf3 d6 5. Nc3 Nf6 6. e3 O-O 7. Qc2 Re8 8. a3
Bxc3 9. Bxc3 Nbd7 10. Rd1 Qe7 11. Be2 a4 12. O-O b6 13. Nd2 Bb7 14. Bf3 Bxf3
15. Nxf3 c5 16. e4 e5 17. dxe5 dxe5 18. Rd2 Qe6 19. Rfd1 Ra7 20. Qd3 Qc6 21.
Re1 h6 22. Qd6 Qa8 23. Qd3 Re6 24. Nh4 g6 25. g3 Nf8 26. f3 N6h7 27. Ng2 Rd7
28. Qe3 h5 29. Red1 Ree7 30. Qe2 Rxd2 1/2-1/2

[Event "Lloyds Bank Masters 13th"]
[Site "London"]
[Date "1989.08.20"]
[Round "2"]
[White "Edelman, Daniel"]
[Black "Chandler, Murray G"]
[Result "0-1"]
[WhiteElo "2355"]
[BlackElo "2585"]
[PlyCount "128"]
[EventDate "1989.08.19"]
[EventType "swiss"]
[EventRounds "10"]
[EventCountry "ENG"]
[SourceTitle "BritBase"]
[Source "John Saunders"]
[SourceDate "2020.09.07"]
[SourceVersion "1"]
[SourceVersionDate "2020.09.07"]
[SourceQuality "2"]

1. e4 c5 2. Nf3 Nc6 3. d4 cxd4 4. Nxd4 Nf6 5. Nc3 e5 6. Ndb5 d6 7. Bg5 a6 8.
Na3 b5 9. Nd5 Be7 10. Bxf6 Bxf6 11. c3 Ne7 12. Nc2 Nxd5 13. Qxd5 Rb8 14. Nb4
Bb7 15. Qd3 O-O 16. Be2 Bg5 17. O-O g6 18. Rad1 a5 19. Nd5 Bc6 20. b4 Ba8 21.
a3 Kh8 22. c4 bxc4 23. Qxc4 f5 24. Bf3 axb4 25. axb4 Qd7 26. Rb1 Rfc8 27. Qd3
Qb5 28. Qxb5 Rxb5 29. Rfd1 Bxd5 30. Rxd5 Rxd5 31. exd5 Rc2 32. Kf1 e4 33. Be2
Bd8 34. Ke1 Bb6 35. f4 Kg7 36. g3 Be3 37. b5 Bb6 38. Ra1 Rb2 39. Ra6 Bc5 40.
Rc6 Kf6 41. Rc7 h6 42. Rd7 Rb4 43. Rd8 g5 44. Rf8+ Kg6 45. h4 gxh4 46. gxh4 e3
47. h5+ Kg7 48. Rb8 Rxf4 49. b6 Rb4 50. b7 Rb1+ 51. Bd1 f4 52. Ke2 Ba7 53. Rd8
f3+ 54. Kxf3 Rxd1 55. b8=Q Rf1+ 56. Ke2 Rf2+ 57. Ke1 Bxb8 58. Rxb8 Rd2 59. Re8
Rxd5 60. Re6 Kf7 61. Rxh6 Rd2 62. Rh7+ Kf6 63. h6 d5 64. Rd7 Ke5 0-1

[Event "Lloyds Bank Masters 13th"]
[Site "London"]
[Date "1989.08.20"]
[Round "2"]
[White "Franklin, Michael J"]
[Black "Barua, Dibyendu"]
[Result "1/2-1/2"]
[WhiteElo "2320"]
[BlackElo "2470"]
[PlyCount "89"]
[EventDate "1989.08.19"]
[EventType "swiss"]
[EventRounds "10"]
[EventCountry "ENG"]
[SourceTitle "BritBase"]
[Source "John Saunders"]
[SourceDate "2020.09.07"]
[SourceVersion "1"]
[SourceVersionDate "2020.09.07"]
[SourceQuality "2"]

1. d4 d5 2. Nf3 Nf6 3. e3 g6 4. c4 dxc4 5. Bxc4 Bg7 6. Qb3 O-O 7. Ne5 e6 8. O-O
Nd5 9. Nc3 Nb6 10. Be2 N8d7 11. Nxd7 Bxd7 12. Bf3 Rb8 13. Rd1 Qe7 14. Bd2 e5
15. dxe5 Bxe5 16. Nd5 Nxd5 17. Bxd5 c5 18. Bc3 Bc7 19. a4 Be6 20. Rd2 Rbd8 21.
Rad1 b6 22. Qc4 Bxd5 23. Rxd5 Rxd5 24. Rxd5 Rd8 25. Qd3 Kf8 26. g3 h5 27. Kf1
Rxd5 28. Qxd5 Qd8 29. Qc6 Qd6 30. Qa8+ Bb8 31. Qb7 Qd1+ 32. Kg2 Qd6 33. e4 Ke8
34. e5 Qc7 35. Qe4 Qc8 36. f4 Ke7 37. f5 gxf5 38. Qh4+ Kd7 39. Qxh5 Qc6+ 40.
Qf3 Qe4 41. Qxe4 fxe4 42. Kf2 Ke6 43. Ke3 Bxe5 44. Kxe4 Bd6 45. Bd2 1/2-1/2

[Event "Lloyds Bank Masters 13th"]
[Site "London"]
[Date "1989.08.20"]
[Round "2"]
[White "Hebden, Mark L"]
[Black "Mortazavi, Ali"]
[Result "1-0"]
[WhiteElo "2520"]
[BlackElo "2325"]
[PlyCount "107"]
[EventDate "1989.08.19"]
[EventType "swiss"]
[EventRounds "10"]
[EventCountry "ENG"]
[SourceTitle "BritBase"]
[Source "John Saunders"]
[SourceDate "2020.09.07"]
[SourceVersion "1"]
[SourceVersionDate "2020.09.07"]
[SourceQuality "2"]

1. e4 d6 2. Nc3 Nf6 3. f4 d5 4. e5 d4 5. exf6 dxc3 6. fxg7 cxd2+ 7. Bxd2 Bxg7
8. Qh5 Qd4 9. Bd3 Qxb2 10. Rd1 Nc6 11. Nf3 Be6 12. O-O Bxa2 13. Ra1 Qb6+ 14.
Kh1 Bxa1 15. Rxa1 O-O-O 16. Bc3 f6 17. Qh4 Bd5 18. Qe1 Bxf3 19. gxf3 Rxd3 20.
cxd3 Qc5 21. Qe6+ Kb8 22. Rg1 b6 23. Bb2 Kb7 24. d4 Qb5 25. d5 Nd8 26. Qxe7
Qxb2 27. d6 Qc3 28. Rg7 Qxf3+ 29. Kg1 Qd1+ 30. Kf2 Qc2+ 31. Kg3 Qb3+ 32. Kh4
Ne6 33. Rf7 Rg8 34. Rxf6 Qf3 35. Qxe6 Qf2+ 36. Kh3 Qg2+ 37. Kh4 Qf2+ 38. Kh3
Qg2+ 39. Kh4 h5 40. h3 Qg3+ 41. Kxh5 Qf3+ 42. Kh6 Qg3 43. Qe4+ c6 44. Rf7+ Kb8
45. Kh7 Rd8 46. Rb7+ Ka8 47. Rxa7+ Kb8 48. Ra8+ Kxa8 49. Qxc6+ Ka7 50. Qc7+ Ka6
51. Qxd8 Qxh3+ 52. Kg6 Qe6+ 53. Kg5 Qd5+ 54. f5 1-0

[Event "Lloyds Bank Masters 13th"]
[Site "London"]
[Date "1989.08.20"]
[Round "2"]
[White "Hodgson, Julian M"]
[Black "Ryan, Joseph"]
[Result "1-0"]
[WhiteElo "2535"]
[BlackElo "2320"]
[PlyCount "49"]
[EventDate "1989.08.19"]
[EventType "swiss"]
[EventRounds "10"]
[EventCountry "ENG"]
[SourceTitle "BritBase"]
[Source "John Saunders"]
[SourceDate "2020.09.07"]
[SourceVersion "1"]
[SourceVersionDate "2020.09.07"]
[SourceQuality "2"]

1. d4 e6 2. e4 d5 3. Nc3 Bb4 4. e5 c5 5. Nf3 Ne7 6. dxc5 Bxc3+ 7. bxc3 Nd7 8.
Bd3 Qc7 9. O-O Nxc5 10. Re1 h6 11. Nd4 O-O 12. Bd2 Nxd3 13. cxd3 Nc6 14. Nb5
Qe7 15. Qg4 f5 16. exf6 Qxf6 17. Qg3 Bd7 18. Re2 Rad8 19. Nc7 d4 20. c4 e5 21.
Nd5 Qd6 22. f4 Rde8 23. fxe5 Nxe5 24. Bb4 Nf3+ 25. Qxf3 1-0

[Event "Lloyds Bank Masters 13th"]
[Site "London"]
[Date "1989.08.20"]
[Round "2"]
[White "Holland, Edward"]
[Black "Plaskett, H James"]
[Result "1-0"]
[WhiteElo "2310"]
[BlackElo "2460"]
[PlyCount "79"]
[EventDate "1989.08.19"]
[EventType "swiss"]
[EventRounds "10"]
[EventCountry "ENG"]
[SourceTitle "BritBase"]
[Source "John Saunders"]
[SourceDate "2020.09.07"]
[SourceVersion "1"]
[SourceVersionDate "2020.09.07"]
[SourceQuality "2"]

1. e4 c5 2. Nf3 e6 3. d4 cxd4 4. Nxd4 Nc6 5. Be3 Nf6 6. Nc3 d6 7. f3 d5 8. exd5
exd5 9. Qd2 Bb4 10. a3 Bd6 11. O-O-O O-O 12. Ndb5 Be5 13. Bg5 d4 14. f4 dxc3
15. Qxd8 cxb2+ 16. Kb1 Nxd8 17. fxe5 Ne4 18. Bxd8 a6 19. Be7 axb5 20. Rd4 Re8
21. Bb4 Nf2 22. Rg1 Be6 23. Bxb5 Rec8 24. Kxb2 Ng4 25. Bd7 Bxd7 26. Rxd7 Nxe5
27. Rxb7 Nc4+ 28. Kb3 Ne3 29. c3 h5 30. g3 Ra6 31. Re7 Nd5 32. Re5 Nf6 33. c4
g6 34. c5 Rd8 35. Kc4 Rc6 36. Kb5 Rdc8 37. Rf1 Nd7 38. Re7 Nf6 39. Rb7 Ne4 40.
Rfxf7 1-0

[Event "Lloyds Bank Masters 13th"]
[Site "London"]
[Date "1989.08.20"]
[Round "2"]
[White "Kekki, Jorma J"]
[Black "Hodgson, John H"]
[Result "1/2-1/2"]
[WhiteElo "2260"]
[BlackElo "2205"]
[PlyCount "87"]
[EventDate "1989.08.19"]
[EventType "swiss"]
[EventRounds "10"]
[EventCountry "ENG"]
[SourceTitle "BritBase"]
[Source "John Saunders"]
[SourceDate "2020.09.07"]
[SourceVersion "1"]
[SourceVersionDate "2020.09.07"]
[SourceQuality "2"]

1. Nf3 Nf6 2. c4 g6 3. g3 Bg7 4. Bg2 O-O 5. O-O d5 6. cxd5 Nxd5 7. d4 Nb6 8.
Nc3 Nc6 9. d5 Na5 10. e4 c6 11. Bg5 h6 12. Bf4 Nac4 13. Qe2 g5 14. Bc1 Bg4 15.
h3 Bh5 16. g4 Bg6 17. Rd1 cxd5 18. exd5 Qd7 19. Nd4 Rac8 20. b3 Nd6 21. Bb2 Rc5
22. Qe3 Rfc8 23. Rac1 Bf6 24. Ba1 Qd8 25. Nde2 Qf8 26. f4 gxf4 27. Nxf4 Qg7 28.
Nxg6 Qxg6 29. Ne2 Qg5 30. Qxg5+ Bxg5 31. Rc3 Rxc3 32. Bxc3 Nb5 33. Rd3 Nxc3 34.
Nxc3 Bf4 35. a4 Be5 36. Nb5 Rc1+ 37. Kf2 Nc8 38. d6 Bxd6 39. Bxb7 Bc5+ 40. Ke2
Nd6 41. Nxd6 Bxd6 42. Bd5 Bb4 43. Bc4 Rc2+ 44. Kf3 1/2-1/2

[Event "Lloyds Bank Masters 13th"]
[Site "London"]
[Date "1989.08.20"]
[Round "2"]
[White "Kosten, Anthony C"]
[Black "Chachere, Lawrence"]
[Result "1/2-1/2"]
[WhiteElo "2500"]
[BlackElo "2315"]
[PlyCount "85"]
[EventDate "1989.08.19"]
[EventType "swiss"]
[EventRounds "10"]
[EventCountry "ENG"]
[SourceTitle "BritBase"]
[Source "John Saunders"]
[SourceDate "2020.09.07"]
[SourceVersion "1"]
[SourceVersionDate "2020.09.07"]
[SourceQuality "2"]

1. e4 c5 2. Nf3 d6 3. d4 Nf6 4. Nc3 cxd4 5. Nxd4 a6 6. f4 Qc7 7. Bd3 e5 8. Nf3
b5 9. O-O Be7 10. Qe1 O-O 11. Kh1 Be6 12. f5 Bc4 13. b3 Bxd3 14. cxd3 Nbd7 15.
Bb2 Rfe8 16. Qe2 Rac8 17. Rac1 Qb7 18. Nd2 d5 19. exd5 b4 20. Nce4 Nxd5 21. Nc4
Qb8 22. Rce1 f6 23. Qg4 Nc5 24. Rf3 Nxe4 25. Qxe4 Rcd8 26. Rg3 Bf8 27. Rf1 Qc7
28. Rc1 Qd7 29. Rf3 Rc8 30. Rff1 Bc5 31. Nd2 Red8 32. Qf3 Bd4 33. Bxd4 exd4 34.
Nc4 Re8 35. Rce1 Rcd8 36. Qg4 Ne3 37. Nxe3 Rxe3 38. Rxe3 dxe3 39. Qc4+ Kh8 40.
Qxa6 e2 41. Re1 Qxf5 42. d4 h6 43. Qxe2 1/2-1/2

[Event "Lloyds Bank Masters 13th"]
[Site "London"]
[Date "1989.08.20"]
[Round "2"]
[White "Lalic, Susan"]
[Black "Murshed, Niaz"]
[Result "1-0"]
[WhiteElo "2345"]
[BlackElo "2475"]
[PlyCount "37"]
[EventDate "1989.08.19"]
[EventType "swiss"]
[EventRounds "10"]
[EventCountry "ENG"]
[SourceTitle "BritBase"]
[Source "John Saunders"]
[SourceDate "2020.09.07"]
[SourceVersion "1"]
[SourceVersionDate "2020.09.07"]
[SourceQuality "2"]

1. e4 g6 2. d4 Bg7 3. Nf3 d6 4. Be2 Nf6 5. Nc3 O-O 6. O-O c6 7. Re1 Qc7 8. Bf4
Nbd7 9. e5 Nh5 10. Bg5 dxe5 11. Bxe7 Re8 12. d5 b5 13. dxc6 Qxc6 14. Bxb5 Qb7
15. Qd6 Rb8 16. Bc6 Qxb2 17. Rab1 Qxc3 18. Rxb8 e4 19. Rb3 1-0

[Event "Lloyds Bank Masters 13th"]
[Site "London"]
[Date "1989.08.20"]
[Round "2"]
[White "Ravikumar, Vaidyanathan"]
[Black "Rogers, Ian"]
[Result "1-0"]
[WhiteElo "2325"]
[BlackElo "2470"]
[PlyCount "115"]
[EventDate "1989.08.19"]
[EventType "swiss"]
[EventRounds "10"]
[EventCountry "ENG"]
[SourceTitle "BritBase"]
[Source "John Saunders"]
[SourceDate "2020.09.07"]
[SourceVersion "1"]
[SourceVersionDate "2020.09.07"]
[SourceQuality "2"]

1. d4 d6 2. Nf3 g6 3. c4 Bg7 4. Nc3 Nf6 5. e3 O-O 6. Be2 c5 7. O-O Nc6 8. d5
Na5 9. e4 e5 10. Ne1 b6 11. a3 Nd7 12. b4 Nb7 13. Nd3 f5 14. f3 f4 15. Bd2 g5
16. a4 Rf6 17. Nb5 a6 18. Nc3 Rh6 19. bxc5 dxc5 20. Nf2 Rg6 21. Rb1 h5 22. h3
Bf8 23. Na2 Nd6 24. Qb3 a5 25. Bc3 Ba6 26. Nc1 Rb8 27. Ba1 Rb7 28. Qc3 Nf7 29.
Nb3 Nf6 30. Nd2 Bd6 31. Rb3 Re7 32. Rfb1 Bc7 33. Qb2 Nd7 34. Qc1 Bc8 35. Bc3
Nh6 36. Qb2 Reg7 37. Nf1 Nf7 38. Nh2 Kh7 39. Qd2 Qe8 40. Qd1 Nd6 41. Qc2 Nf7
42. Qd1 Nh6 43. R1b2 Nf6 44. Rxb6 Bxb6 45. Rxb6 Nxd5 46. Qxd5 Rxb6 47. Bxe5 Be6
48. Qxc5 Qc6 49. Qxa5 Rb1+ 50. Nf1 Bxc4 51. Qc3 Qxa4 52. Bxc4 Rgb7 53. Bf6 Rc7
54. Bg8+ Kxg8 55. Qxc7 Rxf1+ 56. Kh2 Nf7 57. Qc8+ Kh7 58. Qf8 1-0

[Event "Lloyds Bank Masters 13th"]
[Site "London"]
[Date "1989.08.20"]
[Round "2"]
[White "Smyslov, Vassily V"]
[Black "Large, Peter G"]
[Result "1/2-1/2"]
[WhiteElo "2570"]
[BlackElo "2340"]
[PlyCount "148"]
[EventDate "1989.08.19"]
[EventType "swiss"]
[EventRounds "10"]
[EventCountry "ENG"]
[SourceTitle "BritBase"]
[Source "John Saunders"]
[SourceDate "2020.09.07"]
[SourceVersion "1"]
[SourceVersionDate "2020.09.07"]
[SourceQuality "2"]

1. Nf3 Nf6 2. d4 d5 3. c4 e6 4. Nc3 Be7 5. cxd5 exd5 6. Bf4 O-O 7. Qc2 c5 8. e3
cxd4 9. Nxd4 Nc6 10. Rd1 Nxd4 11. Rxd4 Be6 12. Be2 Rc8 13. Bf3 Qa5 14. Ra4 Qb6
15. Be5 Ne4 16. O-O Nxc3 17. bxc3 a6 18. Rd1 Rfd8 19. Rad4 Bc5 20. Rh4 h6 21.
Qd2 Bd6 22. Bxd6 Rxd6 23. Rb4 Qc7 24. c4 a5 25. Rb5 Qxc4 26. Rxa5 b6 27. Ra7
Bg4 28. Bxg4 Qxg4 29. h3 Qe4 30. Qd4 Qc2 31. Rf1 Qf5 32. Qa4 Kh7 33. Re7 Rg6
34. Kh1 Qg5 35. Qg4 Qxe7 36. Qxc8 Qe4 37. Rg1 Rf6 38. Rf1 Qc4 39. Qxc4 dxc4 40.
f4 b5 41. Rb1 Rb6 42. a3 Kg6 43. e4 Kf6 44. Kg1 Ke6 45. Rd1 f5 46. e5 Ra6 47.
Rb1 Ra5 48. Kf2 g5 49. g3 gxf4 50. gxf4 Rxa3 51. Rxb5 Rxh3 52. Rc5 c3 53. Kg2
Rd3 54. Kf2 h5 55. Kg2 h4 56. Kh2 Rf3 57. Kg2 Rxf4 58. Rxc3 Kxe5 59. Ra3 Rg4+
60. Kf2 Kf4 61. Ra4+ Kg5 62. Ra8 h3 63. Rb8 Rh4 64. Kg1 Re4 65. Kh2 Re3 66.
Rg8+ Kf4 67. Ra8 Ke4 68. Ra4+ Ke5 69. Ra5+ Kf6 70. Ra8 f4 71. Ra5 Re5 72. Ra6+
Kf5 73. Kxh3 Re2 74. Ra4 Rd2 1/2-1/2

[Event "Lloyds Bank Masters 13th"]
[Site "London"]
[Date "1989.08.20"]
[Round "2"]
[White "Webster, Andrew"]
[Black "Bronstein, David Ionovich"]
[Result "1/2-1/2"]
[WhiteElo "2235"]
[BlackElo "2430"]
[PlyCount "113"]
[EventDate "1989.08.19"]
[EventType "swiss"]
[EventRounds "10"]
[EventCountry "ENG"]
[SourceTitle "BritBase"]
[Source "John Saunders"]
[SourceDate "2020.09.07"]
[SourceVersion "1"]
[SourceVersionDate "2020.09.07"]
[SourceQuality "2"]

1. c4 e5 2. g3 f5 3. Bg2 Nf6 4. Nc3 Nc6 5. e3 g6 6. d4 e4 7. f3 Bb4 8. Nge2
exf3 9. Bxf3 O-O 10. O-O Re8 11. Nd5 Bf8 12. Nxf6+ Qxf6 13. Qd3 Bg7 14. Bd2 d6
15. Rae1 Bd7 16. Bc3 Rf8 17. Nf4 Rae8 18. b4 Bc8 19. b5 Nd8 20. Ba5 b6 21. Bc3
Ne6 22. Bc6 Ng5 23. Ba1 Qd8 24. Bxe8 Qxe8 25. d5 Be5 26. Kg2 Ne4 27. Bd4 Nf6
28. Nh3 Rf7 29. Re2 a5 30. Nf2 g5 31. Rg1 Re7 32. Kf1 Qh5 33. h3 Ne4 34. Nxe4
fxe4 35. Qxe4 Bxh3+ 36. Rgg2 Bg4 37. Rh2 Bxe2+ 38. Rxe2 Qh3+ 39. Qg2 Qxg2+ 40.
Rxg2 Bxd4 41. exd4 Re4 42. Rd2 Re3 43. Rc2 Rd3 44. c5 dxc5 45. dxc5 Rxd5 46.
cxb6 cxb6 47. a4 Rf5+ 48. Ke2 Rf6 49. Ke3 g4 50. Ke4 Rf3 51. Rc6 Rxg3 52. Kf4
Ra3 53. Kxg4 Rxa4+ 54. Kf3 Rb4 55. Rxb6 a4 56. Ra6 Rxb5 57. Rxa4 1/2-1/2

[Event "Lloyds Bank Masters 13th"]
[Site "London"]
[Date "1989.08.21"]
[Round "3"]
[White "Azmaiparashvili, Zurab"]
[Black "Holland, Edward"]
[Result "1-0"]
[WhiteElo "2575"]
[BlackElo "2310"]
[PlyCount "45"]
[EventDate "1989.08.19"]
[EventType "swiss"]
[EventRounds "10"]
[EventCountry "ENG"]
[SourceTitle "BritBase"]
[Source "John Saunders"]
[SourceDate "2020.09.07"]
[SourceVersion "1"]
[SourceVersionDate "2020.09.07"]
[SourceQuality "2"]

1. c4 e5 2. Nc3 c6 3. g3 g6 4. Bg2 Bg7 5. Rb1 d6 6. b4 f5 7. Qa4 Qd7 8. Nd5 Nf6
9. d3 O-O 10. h4 Kh8 11. Bg5 Ng4 12. h5 gxh5 13. Rxh5 Qf7 14. Rh4 e4 15. Nh3
exd3 16. e3 h6 17. f3 d2+ 18. Kxd2 Ne5 19. Qb3 Kg8 20. Bxh6 Bxh6 21. Rxh6 Qg7
22. Rh5 Nf7 23. Qc3 1-0

[Event "Lloyds Bank Masters 13th"]
[Site "London"]
[Date "1989.08.21"]
[Round "3"]
[White "Barua, Dibyendu"]
[Black "Wood, David A"]
[Result "1/2-1/2"]
[WhiteElo "2470"]
[BlackElo "2245"]
[PlyCount "83"]
[EventDate "1989.08.19"]
[EventType "swiss"]
[EventRounds "10"]
[EventCountry "ENG"]
[SourceTitle "BritBase"]
[Source "John Saunders"]
[SourceDate "2020.09.07"]
[SourceVersion "1"]
[SourceVersionDate "2020.09.07"]
[SourceQuality "2"]

1. e4 e6 2. d4 d5 3. exd5 exd5 4. Bd3 Nc6 5. c3 Bd6 6. Qf3 Nf6 7. h3 Qe7+ 8.
Ne2 h6 9. Nd2 Be6 10. b4 O-O-O 11. Nb3 g5 12. b5 Nb8 13. Bd2 Ne4 14. Bxe4 dxe4
15. Qxe4 f5 16. Qc2 Qf7 17. Ng3 Bxg3 18. fxg3 Bc4 19. O-O-O Bxb5 20. Rde1 Nc6
21. h4 Rhg8 22. hxg5 hxg5 23. Kb2 Bc4 24. Ka1 Rg6 25. Bc1 f4 26. gxf4 gxf4 27.
Rh4 Rf6 28. Nc5 f3 29. gxf3 Rxf3 30. Rh7 Rf2 31. Rxf7 Rxc2 32. Rg7 Rxa2+ 33.
Kb1 Rf2 34. Ne6 Bxe6 35. Rxe6 Rff8 36. Kc2 Rd7 37. Rg4 Re7 38. Rh6 Rd7 39. Bf4
Re8 40. Kd3 Rf8 41. Bg3 a6 42. Kc2 1/2-1/2

[Event "Lloyds Bank Masters 13th"]
[Site "London"]
[Date "1989.08.21"]
[Round "3"]
[White "Blokhuis, Edgar M"]
[Black "Hebden, Mark L"]
[Result "1/2-1/2"]
[WhiteElo "2250"]
[BlackElo "2520"]
[PlyCount "140"]
[EventDate "1989.08.19"]
[EventType "swiss"]
[EventRounds "10"]
[EventCountry "ENG"]
[SourceTitle "BritBase"]
[Source "John Saunders"]
[SourceDate "2020.09.07"]
[SourceVersion "1"]
[SourceVersionDate "2020.09.07"]
[SourceQuality "2"]

1. d4 Nf6 2. Nf3 g6 3. Bf4 Bg7 4. e3 d6 5. h3 O-O 6. Be2 Nbd7 7. O-O Qe8 8. Bh2
e5 9. c3 Ne4 10. Nbd2 Nxd2 11. Nxd2 f5 12. Nf3 Qe7 13. Qc2 g5 14. Bd3 Nb6 15.
Nd2 Be6 16. a4 a5 17. Rae1 h5 18. f4 e4 19. Be2 g4 20. hxg4 hxg4 21. Bg3 c5 22.
dxc5 dxc5 23. Kf2 Rad8 24. Rh1 Qd7 25. Rd1 Qxa4 26. b3 Qc6 27. Rh5 Nd5 28. Rg5
Nf6 29. Ra1 b6 30. Nc4 Nh7 31. Rh5 Nf6 32. Rg5 Qc7 33. Bh4 Rd5 34. Ne5 Nd7 35.
Ng6 Rf7 36. Bc4 Rd6 37. Rxf5 Bxc4 38. Ne7+ Rxe7 39. Bxe7 Re6 40. bxc4 Rxe7 41.
Rb1 Nf6 42. Qb3 Qd7 43. Rd5 Nxd5 44. cxd5 b5 45. d6+ c4 46. Qxb5 Qxb5 47. Rxb5
Ra7 48. Rc5 Rd7 49. Rxa5 Kf7 50. Rc5 Ke6 51. Rxc4 Kd5 52. Rc8 Rxd6 53. Kg3 Rc6
54. Rg8 Bxc3 55. Kxg4 Bd2 56. Kf5 Rd6 57. Re8 Bc3 58. Rc8 Rf6+ 59. Kg4 Rc6 60.
Re8 Re6 61. Rd8+ Rd6 62. Re8 Bf6 63. Kf5 Bg7 64. Rg8 Rd7 65. g4 Bc3 66. Re8
Rf7+ 67. Kg6 Rg7+ 68. Kf5 Rf7+ 69. Kg6 Rg7+ 70. Kf5 Rf7+ 1/2-1/2

[Event "Lloyds Bank Masters 13th"]
[Site "London"]
[Date "1989.08.21"]
[Round "3"]
[White "Chandler, Murray G"]
[Black "Lalic, Susan"]
[Result "1-0"]
[WhiteElo "2585"]
[BlackElo "2345"]
[PlyCount "65"]
[EventDate "1989.08.19"]
[EventType "swiss"]
[EventRounds "10"]
[EventCountry "ENG"]
[SourceTitle "BritBase"]
[Source "John Saunders"]
[SourceDate "2020.09.07"]
[SourceVersion "1"]
[SourceVersionDate "2020.09.07"]
[SourceQuality "2"]

1. e4 e6 2. d4 d5 3. Nc3 Nf6 4. Bg5 dxe4 5. Nxe4 Be7 6. Bxf6 gxf6 7. Nf3 b6 8.
Bc4 Bb7 9. Qe2 c6 10. O-O-O Qc7 11. Kb1 Nd7 12. Rhe1 O-O-O 13. Ba6 f5 14. Neg5
Rdf8 15. Bxb7+ Kxb7 16. g3 h6 17. Nh3 Bd6 18. c4 Rd8 19. d5 exd5 20. cxd5 c5
21. Qd3 f4 22. Nxf4 Bxf4 23. gxf4 Qxf4 24. d6 Nf6 25. Re5 c4 26. Re7+ Ka8 27.
Qa3 Rd7 28. Ne5 Qe4+ 29. Kc1 Rxe7 30. dxe7 Rc8 31. Qe3 Qxe3+ 32. fxe3 Ng8 33.
Nc6 1-0

[Event "Lloyds Bank Masters 13th"]
[Site "London"]
[Date "1989.08.21"]
[Round "3"]
[White "Clarke, Thomas M"]
[Black "Kosten, Anthony C"]
[Result "0-1"]
[WhiteElo "2220"]
[BlackElo "2500"]
[PlyCount "118"]
[EventDate "1989.08.19"]
[EventType "swiss"]
[EventRounds "10"]
[EventCountry "ENG"]
[SourceTitle "BritBase"]
[Source "John Saunders"]
[SourceDate "2020.09.07"]
[SourceVersion "1"]
[SourceVersionDate "2020.09.07"]
[SourceQuality "2"]

1. e4 c5 2. Nc3 Nc6 3. Nf3 d6 4. d4 cxd4 5. Nxd4 e5 6. Nxc6 bxc6 7. Bc4 Nf6 8.
O-O Be7 9. Kh1 O-O 10. f4 Rb8 11. fxe5 dxe5 12. Be3 Qc7 13. Qe1 Bg4 14. b3 Bh5
15. Qh4 Bg6 16. Bg5 Rbd8 17. Rae1 Rd4 18. Re3 Qd7 19. Rd3 h6 20. Bxf6 Bxf6 21.
Rxf6 Rxd3 22. cxd3 Qd8 23. Rf4 exf4 24. Qxf4 Qd4 25. Ne2 Qa1+ 26. Ng1 Qxa2 27.
Qd6 Bh5 28. Qxc6 Qa3 29. e5 Qe7 30. d4 Rd8 31. Qe4 Bg6 32. Qxg6 Rxd4 33. Qf5
Rd1 34. e6 fxe6 35. Bxe6+ Kh8 36. h3 Qd8 37. Bf7 a5 38. Bc4 a4 39. Be2 Rd5 40.
Qf3 a3 41. b4 Qa8 42. Bc4 Rd8 43. Qf7 a2 44. Bxa2 Rd2 45. Qg8+ Qxg8 46. Bxg8
Kxg8 47. Nf3 Rb2 48. Kg1 Rxb4 49. Kf2 Rb2+ 50. Kg3 Kf7 51. Ne5+ Ke6 52. Nf3 Kf5
53. Nd4+ Ke4 54. Nf3 Ke3 55. Ng1 Rb6 56. Nf3 Rg6+ 57. Kh2 Kf2 58. Nh4 Rg3 59.
Kh1 g6 0-1

[Event "Lloyds Bank Masters 13th"]
[Site "London"]
[Date "1989.08.21"]
[Round "3"]
[White "Eingorn, Vereslav S"]
[Black "Hasan, Younus"]
[Result "1-0"]
[WhiteElo "2560"]
[BlackElo "2215"]
[PlyCount "85"]
[EventDate "1989.08.19"]
[EventType "swiss"]
[EventRounds "10"]
[EventCountry "ENG"]
[SourceTitle "BritBase"]
[Source "John Saunders"]
[SourceDate "2020.09.07"]
[SourceVersion "1"]
[SourceVersionDate "2020.09.07"]
[SourceQuality "2"]

1. d4 Nf6 2. Nf3 e6 3. c4 Bb4+ 4. Bd2 Qe7 5. g3 Nc6 6. Nc3 Bxc3 7. Bxc3 Ne4 8.
Rc1 d6 9. d5 Nxc3 10. Rxc3 Nb8 11. dxe6 fxe6 12. Bg2 O-O 13. O-O Nd7 14. Nd2 e5
15. Ne4 Rb8 16. c5 dxc5 17. b4 Nf6 18. Nxf6+ Qxf6 19. Qd5+ Be6 20. Qxc5 b6 21.
Qe3 Bxa2 22. Rxc7 Rf7 23. Rc6 Qe7 24. Rc2 Qe6 25. Rd1 Kh8 26. Rxa2 Qxa2 27. Bd5
Qa4 28. Bb3 Qe8 29. Bxf7 Qxf7 30. Qxe5 Re8 31. Qb5 h6 32. Rd7 Qg6 33. Rd1 Kh7
34. e3 Qg4 35. Rd4 Qc8 36. Qd3+ Kh8 37. b5 Qh3 38. Qf1 Qf5 39. Kg2 Re4 40. Qd3
Re5 41. Qc4 Re8 42. Qd5 Qc2 43. Qf7 1-0

[Event "Lloyds Bank Masters 13th"]
[Site "London"]
[Date "1989.08.21"]
[Round "3"]
[White "Fatin, Tarek"]
[Black "Soffer, Ram"]
[Result "0-1"]
[WhiteElo "2325"]
[BlackElo "2415"]
[PlyCount "68"]
[EventDate "1989.08.19"]
[EventType "swiss"]
[EventRounds "10"]
[EventCountry "ENG"]
[SourceTitle "BritBase"]
[Source "John Saunders"]
[SourceDate "2020.09.07"]
[SourceVersion "1"]
[SourceVersionDate "2020.09.07"]
[SourceQuality "2"]

1. c4 e5 2. Nc3 Nf6 3. g3 Bb4 4. Bg2 O-O 5. Nf3 Nc6 6. O-O e4 7. Ng5 Bxc3 8.
bxc3 Re8 9. f3 e3 10. dxe3 b6 11. f4 h6 12. Nf3 Bb7 13. c5 Na5 14. Qd4 Qe7 15.
cxb6 axb6 16. c4 Qe4 17. c5 Qxd4 18. exd4 Rxe2 19. Rb1 Be4 20. Rb2 Rxb2 21.
Bxb2 Nc4 22. Bc1 Rxa2 23. cxb6 cxb6 24. Ne1 Ra1 25. Bxe4 Rxc1 26. Bg2 Nd2 27.
Nd3 Rc3 28. Ne5 Nxf1 29. Bxf1 Kf8 30. Nc4 b5 31. Na5 Ra3 32. Nb7 b4 33. Nc5 b3
34. Nd3 Ra2 0-1

[Event "Lloyds Bank Masters 13th"]
[Site "London"]
[Date "1989.08.21"]
[Round "3"]
[White "Flear, Glenn C"]
[Black "Wojtkiewicz, Aleksander"]
[Result "1/2-1/2"]
[WhiteElo "2435"]
[BlackElo "2475"]
[PlyCount "52"]
[EventDate "1989.08.19"]
[EventType "swiss"]
[EventRounds "10"]
[EventCountry "ENG"]
[SourceTitle "BritBase"]
[Source "John Saunders"]
[SourceDate "2020.09.07"]
[SourceVersion "1"]
[SourceVersionDate "2020.09.07"]
[SourceQuality "2"]

1. d4 Nf6 2. c4 e6 3. Nc3 Bb4 4. f3 d5 5. a3 Bxc3+ 6. bxc3 c5 7. cxd5 Nxd5 8.
dxc5 Qa5 9. e4 Ne7 10. Be3 Qxc3+ 11. Kf2 O-O 12. Ne2 Qa5 13. Qd2 Qxd2 14. Bxd2
Na6 15. Be3 Bd7 16. Rb1 b6 17. cxb6 axb6 18. Bxb6 Rfc8 19. Nd4 e5 20. Bb5 Nb8
21. Ne2 Rxa3 22. Rhd1 Bxb5 23. Rxb5 Ng6 24. Rc5 Re8 25. Rd2 Ra6 26. Bc7 Rc6
1/2-1/2